000 00494nam a2200181 4500
001 13061
005 20230411085629.0
008 060907n2002 dr spa
020 _a8433961683
035 _9funglode13172
041 _aES
050 1 4 _aZ 280 E63i 2001
100 _aEpstein, Jason
245 1 3 _aLa industria del libro :
_bpasado, presente y futuro de la edición /
_cJason Epstein
260 _aBarcelona :
_bAnagrama,
_c2002
300 _a193 p.
942 _2lcc
_cbk
999 _c104985
_d104985